000 00321nam a22001457a 4500
008 230404b ||||| |||| 00| 0 eng d
020 _a9780137081899
041 _aeng
080 _2NINTH EDITION
_a004
082 _a004HOR
100 _a18
101 _aSHKP
245 _aCORE JAVA
_cHORSTMANN.S.C
942 _2udc
_cBK
999 _c59499
_d59499